000 00703nam a2200205Ia 4500
999 _c21884
_d21884
082 _a327.09541 SUB- SL1
245 0 _aSub-regional relations in the eastern South Asia: with special focus on India's north eastern region
260 _aJapan
_bInstitute of Developing Economies
_c2005
300 _avii, 320
440 _aJoint Research Programe Series; 133
650 _aRegional planning
_vIndia, North East
650 _aIndia, North East
_vForeign economic relations
650 _aEconomics
650 _aIndia, North East
_vForeign relations
650 _aForeign economic relations
700 _aInoue, Kyoko
700 _aHazarika, Sanjoy
700 _aMurayama, Mayumi
942 _cBK